| 000 | 00637nam a2200265Ia 4500 | ||
|---|---|---|---|
| 008 | 210210b2006 xxu||||| |||| 00| 0 eng d | ||
| 020 | _a9788120333697 | ||
| 041 | _aeng | ||
| 082 | _a320.5 BARP | ||
| 100 | _aBARADAT (Leon P) | ||
| 245 | _aPolitical ideologies: their origins and impact Ed 9 | ||
| 250 | _a | ||
| 260 |
_aNew Delhi _bPrentice-Hall of India Private Limited _c2006 |
||
| 300 | _axiv,322 | ||
| 650 | _atheir | ||
| 650 | _aPolitical | ||
| 650 | _aorigins | ||
| 650 | _aimpact | ||
| 650 | _aideologies: | ||
| 650 | _aEd | ||
| 650 | _aand | ||
| 650 | _a9 | ||
| 690 | _aPolitical Thought | ||
| 906 | _a064911 | ||
| 999 |
_c141754 _d141754 |
||